Största städerna på F i Asien, enligt bild - Statistics

General Stats
  • This quiz has been taken 2 times
  • The average score is 5 of 20
Answer Stats
Picture Hint Answer % Correct
🇯🇵 1 610 000 Fukuoka
100%
🇵🇰 3 210 000 Faisalābād
50%
🇮🇳 1 410 000 Farīdābād
50%
🇨🇳 9 040 000 Fóshān
50%
🇯🇵 460 000 Fukuyama
50%
🇯🇵 640 000 Funabashi
50%
🇨🇳 1 190 000 Fùyáng
50%
🇨🇳 3 720 000 Fúzhōu
50%
🇨🇳 660 000 Fǔzhōu
50%
🇨🇳 420 000 {Fángchéng}gǎng
0%
🇨🇳 600 000 Féichéng
0%
🇨🇳 500 000 Fēngchéng
0%
🇮🇳 600 000 Fīrozābād
0%
🇨🇳 400 000 Fúān
0%
🇨🇳 350 000 Fúdǐng
0%
🇯🇵 440 000 Fujisawa
0%
🇨🇳 800 000 Fúlíng
0%
🇨🇳 740 000 Fúqīng
0%
🇨🇳 1 230 000 Fǔshùn
0%
🇨🇳 700 000 Fùxīn
0%
No matching quizzes found
Score Distribution
Percent of People with Each Score
Percentile by Number Answered
Your Score History
You have not taken this quiz